00492nam a2200193 a 4500001001300000003000900013005001700022008004100039020001000080082001600090100002600106245002400132260003500156300000900191500003500200505001000235650002700245700002600272nice12345678IN_TiNIC20260116012114.0050524s1953 newa grp 000 0 eng  ac10000a296.38bPOT aPoteat, Edwin Mcneill aMandate to Humanity aNew YorkbAbingdon Pressc1953 a238p aincludes index and biblioraphy2 aindex aJudaism-Moral Theology1 aPoteat, Edwin Mcneill